00623 a2200193 450000100060000002000150000604000240002110000260004524000370007124500320010830000070014036200090014744000130015665000240016994200070019395201060020095201060030699900170041268779 a8526263404 cAnchieta - Itaigara aSallout, Elza César10aSabe o que a girafa espiou?lpor10aSabe o que a girafa espiou? a160 a2006 1aScipione 4aLiteratura infantil cBK 00104070a88.1b88.1d2023-11-21l0oLI 028.5 SAL SABp469/ITAr2023-11-21 20:03:04w2023-11-21yBK 00104070a88.1b88.1d2023-11-21l0oLI 028.5 SAL SABp470/ITAr2023-11-21 20:03:04w2023-11-21yBK c68779d68779